书目信息 |
| 题名: |
濒临灭绝的野生动物
|
|
| 作者: | Peters 著 ;申蔷 注 | |
| 分册: | ||
| 出版信息: | 北京 外语教学与研究出版社 2002 |
|
| 页数: | 59页 | |
| 开本: | 20cm | |
| 丛书名: | ||
| 单 册: | ||
| 中图分类: | G634.41 , G633.4 | |
| 科图分类: | ||
| 主题词: | 英语--高中--课外读物 , 英语 | |
| 电子资源: | ||
| ISBN: | 7-5600-2984-1 | |
| 000 | 01005nam0 2200277 450 | |
| 001 | 1574418845 | |
| 005 | 20150127204200.21 | |
| 010 | @a7-5600-2984-1@dCNY3.90 | |
| 100 | @a20030928d2002 em y0chiy0110 ea | |
| 101 | 0 | @aeng |
| 102 | @aCN@b110000 | |
| 105 | @aa z 000yy | |
| 200 | 1 | @a濒临灭绝的野生动物@9bin lin mie jue de ye sheng dong wu@e高级@f(英)AnthonyPeters著@g申蔷注 |
| 210 | @a北京@c外语教学与研究出版社@d2002 | |
| 215 | @a59页@c图@d20cm | |
| 300 | @a新标准中小学分级英语读物 适合高二、高三年级学生 | |
| 330 | @a本套书分5级,读物内容包括独立成篇的小说及其他作品,均选自原版小说、改写的名著或科普读物,涉及中小学生都感兴趣或热中的题材。读物根据不同等级在词汇、语法、语言难度上加以注释,每本读物都配有自测练习。 | |
| 510 | 1 | @aWildlife at Risk@zeng |
| 606 | 0 | @a英语@x高中@j课外读物 |
| 606 | 0 | @a英语 |
| 690 | @aG634.41@v5 | |
| 690 | @aG633.4@v4 | |
| 701 | 1 | @aPeters@bAnthony@4著 |
| 702 | 0 | @a申蔷@9shen qiang@4注 |
| 801 | 0 | @aCN@bTSSF@c20150127 |
| 905 | @aZUCC@dG633.4@eJY74 | |
| 濒临灭绝的野生动物:高级/(英)AnthonyPeters著/申蔷注.-北京:外语教学与研究出版社,2002 |
| 59页:图;20cm |
| 新标准中小学分级英语读物 适合高二、高三年级学生 |
| ISBN 7-5600-2984-1:CNY3.90 |
| 本套书分5级,读物内容包括独立成篇的小说及其他作品,均选自原版小说、改写的名著或科普读物,涉及中小学生都感兴趣或热中的题材。读物根据不同等级在词汇、语法、语言难度上加以注释,每本读物都配有自测练习。 |
| ● |
| 相关链接 |
|
|
|
|
正题名:濒临灭绝的野生动物
索取号:G633.4/JY74
 
预约/预借
| 序号 | 登录号 | 条形码 | 馆藏地/架位号 | 状态 | 备注 |
| 1 | 7837281 | 278372814 | 学院路分馆/ [索取号:G633.4/JY74] | 在馆 | |
| 2 | 7837285 | 278372850 | 学院路分馆/ [索取号:G633.4/JY74] | 在馆 | |
| 3 | 7837287 | 278372878 | 学院路分馆/ [索取号:G633.4/JY74] | 在馆 | |
| 4 | 7837288 | 278372887 | 学院路分馆/ [索取号:G633.4/JY74] | 在馆 |